New Testament exegesis: (Record no. 291)

000 -LEADER
fixed length control field 00681nam a2200205 a 4500
001 - CONTROL NUMBER
control field :::00013444$&:&@@
003 - CONTROL NUMBER IDENTIFIER
control field OkBaRHE
005 - DATE AND TIME OF LATEST TRANSACTION
control field 20100323200906.0
008 - FIXED-LENGTH DATA ELEMENTS--GENERAL INFORMATION
fixed length control field s1983 j 000 0 eng u
020 ## - INTERNATIONAL STANDARD BOOK NUMBER
International Standard Book Number 0664244696 (pbk.)
040 ## - CATALOGING SOURCE
Transcribing agency
100 1# - MAIN ENTRY--PERSONAL NAME
Personal name Fee, Gordon D.
245 10 - TITLE STATEMENT
Title New Testament exegesis:
Remainder of title a handbook for students and pastors.
250 ## - EDITION STATEMENT
Edition statement 1st ed.
260 ## - PUBLICATION, DISTRIBUTION, ETC. (IMPRINT)
Place of publication, distribution, etc Philadelphia, PA., :
Name of publisher, distributor, etc Westminster Press
Date of publication, distribution, etc 1983
300 ## - PHYSICAL DESCRIPTION
Extent 154 p. : illus. ;
Dimensions 23 cm.
650 ## - SUBJECT ADDED ENTRY--TOPICAL TERM
Topical term or geographic name as entry element Bible New Testament Hermeneutics
General subdivision Handbooks, Manuals, etc.
942 ## - ADDED ENTRY ELEMENTS (KOHA)
Source of classification or shelving scheme
Koha item type Books
Copies
Damaged status Current Location Copy number Full call number Not for loan Shelving location Price effective from Koha item type Collection code Date acquired Barcode Date last seen Permanent Location Withdrawn status Lost status Source of classification or shelving scheme
  1BS 2331 .F44 General Stacks2010-04-14BooksReference2010-04-14134442018-03-16RHEMA Bible Training College   
 RHEMA Bible Training College    2018-03-06Books 2018-03-06 2018-03-06RHEMA Bible Training College Missing